00000000nam 2200000zi 4500
0019.946492
003CaOODSP
00520250102161208
006m     o  d f      
007cr |n|||||||||
008250102s1986    onc     o    f000 0 eng d
040 |aCaOODSP|beng|erda|cCaOODSP
0861 |aEn57-61/86-1E-PDF
1001 |aRoete, E. H., |eauthor.
24510|aEffective synopsis writing / |cby Ed Roete.
264 1|a[Toronto] : |bEnvironment Canada, Atmospheric Environment Service = Environnement Canada, Service de l'environnement atmosphérique, |c1986.
300 |a1 online resource (5 pages, 4 unnumbered pages).
336 |atext|btxt|2rdacontent
337 |acomputer|bc|2rdamedia
338 |aonline resource|bcr|2rdacarrier
4901 |aOntario region technical notes ;|vORTN-86-1
500 |aDigitized edition from print [produced by Environment and Climate Change Canada].
500 |a"January 1986."
500 |aIssued also by the Ontario Weather Centre.
520 |a"Written communications are an important element of our lives. By improving the quality of our writing, we improve our chances of being understood. People suffer from a misconception that writers are born, that it's a magic art. Writing is a skill that can be learned like typing. It may not be award-winning but it can be competent. Daily exposure to bad writing takes its toll. Before long, the best of the worst begins to look good. To combat this problem, this paper examines the purpose of the weather synopsis and provides some do's and don'ts in composing clear, concise and effective synopses"--Introduction.
650 0|aMeteorology.
650 0|aWritten communication|xStudy and teaching.
650 6|aMétéorologie.
650 6|aCommunication écrite|xÉtude et enseignement.
7101 |aCanada. |bAtmospheric Environment Service (Ontario Region)‏, |eissuing body.
7101 |aCanada. |bOntario Weather Centre, |eissuing body.
830#0|aOntario region technical notes ;|vORTN-86-1.|w(CaOODSP)9.938921
85640|qPDF|s572 KB|uhttps://publications.gc.ca/collections/collection_2025/eccc/en57/En57-61-86-1-eng.pdf